|
|
|
|
| LEADER |
01413nam a2200361 a 4500 |
| 001 |
5662 |
| 003 |
BD-DhAAL |
| 005 |
20150916101146.0 |
| 008 |
150916s1994 ilu d 001 0 eng |
| 010 |
|
|
|a 95139741
|
| 020 |
|
|
|a 8176490253
|
| 020 |
|
|
|a 0844257788 :
|c $16.95
|
| 040 |
|
|
|a DLC
|c DLC
|d BD-DhAAL
|
| 050 |
0 |
0 |
|a PE2839
|b .S65 1994
|
| 082 |
0 |
0 |
|a 423/.1
|2 20
|
| 100 |
1 |
|
|a Spears, Richard A.
|9 14683
|
| 245 |
1 |
0 |
|a NTC's dictionary of everyday American English expressions :
|b presented according to topic and situation /
|c Richard A. Spears, Steven R. Kleinedler, Betty J. Birner.
|
| 260 |
|
|
|a Lincolnwood, Ill. :
|b National Textbook Co.,
|c c1994.
|
| 300 |
|
|
|a xi, 415 p. ;
|c 22 cm.
|
| 490 |
1 |
|
|a NTC language dictionaries
|
| 500 |
|
|
|a Includes index.
|
| 541 |
|
|
|e 5662
|
| 650 |
|
0 |
|a English language
|z United States
|x Terms and phrases.
|9 14684
|
| 650 |
|
0 |
|a English language
|x Spoken English
|z United States.
|9 14685
|
| 650 |
|
0 |
|a English language
|z United States
|x Idioms.
|9 14686
|
| 650 |
|
0 |
|a Figures of speech.
|9 14687
|
| 650 |
|
0 |
|a Americanisms.
|9 14688
|
| 700 |
1 |
|
|a Kleinedler, Steven Racek.
|9 14689
|
| 700 |
1 |
|
|a Birner, Betty J.
|9 14690
|
| 830 |
|
0 |
|a National Textbook language dictionaries.
|9 14691
|
| 942 |
|
|
|2 ddc
|c BK
|
| 999 |
|
|
|c 35552
|d 35552
|
| 952 |
|
|
|0 0
|1 0
|2 ddc
|4 0
|6 423_000000000000000__1_SPE
|7 0
|9 55920
|a SCL
|b SCL
|c GEN
|d 2015-09-16
|g 240.00
|l 0
|o 423.1 SPE
|p 3020005662
|r 2015-09-16
|t 1
|w 2015-09-16
|y BK
|